ARRUPE JESUIT UNIVERSITY

CORONAVIRUS -STOP THE SPREAD - CLEAN,DISINFECT,COVER

The children of Jocasta / (Record no. 131772)

MARC details
000 -LEADER
fixed length control field 02082cam a2200373 i 4500
001 - CONTROL NUMBER
control field 19871004
003 - CONTROL NUMBER IDENTIFIER
control field ARRUPE
005 - DATE AND TIME OF LATEST TRANSACTION
control field 20240207092546.0
008 - FIXED-LENGTH DATA ELEMENTS--GENERAL INFORMATION
fixed length control field 170809s2017 enk e 000 f eng
010 ## - LIBRARY OF CONGRESS CONTROL NUMBER
LC control number 2017431231
020 ## - INTERNATIONAL STANDARD BOOK NUMBER
International Standard Book Number 9781509836154
020 ## - INTERNATIONAL STANDARD BOOK NUMBER
International Standard Book Number 1509836152
020 ## - INTERNATIONAL STANDARD BOOK NUMBER
International Standard Book Number 9781509836161
Qualifying information (paperback)
020 ## - INTERNATIONAL STANDARD BOOK NUMBER
International Standard Book Number 1509836160
Qualifying information (paperback)
040 ## - CATALOGING SOURCE
Original cataloging agency DLC
Language of cataloging eng
Transcribing agency DLC
Description conventions rda
042 ## - AUTHENTICATION CODE
Authentication code pcc
050 00 - LIBRARY OF CONGRESS CALL NUMBER
Classification number PR6108.A9686
Item number C48 2017
300 ## - PHYSICAL DESCRIPTION
Dimensions 24 cm
100 1# - MAIN ENTRY--PERSONAL NAME
Personal name Haynes, Natalie,
Relator term author.
9 (RLIN) 52380
245 14 - TITLE STATEMENT
Title The children of Jocasta /
Statement of responsibility, etc Natalie Haynes.
260 ## - PUBLICATION, DISTRIBUTION, ETC. (IMPRINT)
Place of publication, distribution, etc London
Name of publisher, distributor, etc Picador
Date of publication, distribution, etc 2017
300 ## - PHYSICAL DESCRIPTION
Extent 335 pages ;
520 ## - SUMMARY, ETC.
Summary, etc When you have grown up as I have, there is no security in not knowing things, in avoiding the ugliest truths because they can't be faced ...Because that is what happened the last time, and that is why my siblings and I have grown up in a cursed house, children of cursed parents ...Jocasta is just fifteen when she is told that she must marry the King of Thebes, an old man she has never met. Her life has never been her own, and nor will it be, unless she outlives her strange, absent husband. Ismene is the same age when she is attacked in the palace she calls home. Since the day of her parents' tragic deaths a decade earlier, she has always longed to feel safe with the family she still has. But with a single act of violence, all that is about to change. With the turn of these two events, a tragedy is set in motion. But not as you know it.
600 00 - SUBJECT ADDED ENTRY--PERSONAL NAME
Personal name Antigone
Titles and other words associated with a name (Mythological character)
Form subdivision Fiction.
9 (RLIN) 52381
650 #0 - SUBJECT ADDED ENTRY--TOPICAL TERM
Topical term or geographic name as entry element Jocasta (Greek mythology)
Form subdivision Fiction.
9 (RLIN) 52382
650 #0 - SUBJECT ADDED ENTRY--TOPICAL TERM
Topical term or geographic name as entry element Teenage girls
Form subdivision Fiction.
9 (RLIN) 37265
650 #0 - SUBJECT ADDED ENTRY--TOPICAL TERM
Topical term or geographic name as entry element Arranged marriage
Form subdivision Fiction.
9 (RLIN) 52383
650 #0 - SUBJECT ADDED ENTRY--TOPICAL TERM
Topical term or geographic name as entry element Families
Form subdivision Fiction.
9 (RLIN) 18922
650 #0 - SUBJECT ADDED ENTRY--TOPICAL TERM
Topical term or geographic name as entry element Brothers and sisters
Form subdivision Fiction.
9 (RLIN) 37268
650 #0 - SUBJECT ADDED ENTRY--TOPICAL TERM
Topical term or geographic name as entry element Kings and rulers
Form subdivision Fiction.
9 (RLIN) 52384
650 #0 - SUBJECT ADDED ENTRY--TOPICAL TERM
Topical term or geographic name as entry element Ismene (Greek mythology)
Form subdivision Fiction.
9 (RLIN) 52385
906 ## - LOCAL DATA ELEMENT F, LDF (RLIN)
a 7
b cbc
c origres
d 3
e ncip
f 20
g y-gencatlg
942 ## - ADDED ENTRY ELEMENTS (KOHA)
Source of classification or shelving scheme Library of Congress Classification
Koha item type Monograph ( Printed materials)
Holdings
Withdrawn status Lost status Source of classification or shelving scheme Damaged status Not for loan Collection code Home library Current library Shelving location Date acquired Total Checkouts Full call number Barcode Date last seen Price effective from Koha item type
    Library of Congress Classification     Main Collection ARRUPE LIBRARY ARRUPE LIBRARY Main Collection 07/02/2024   PR6108.A9686 C48 2017 46700000311 07/02/2024 07/02/2024 Monograph ( Printed materials)

 

Arrupe Library. PO Box MP320 Mt Pleasant, Harare, Zimbabwe
263 242 745411|librarian@aju.ac.zw